00400nam a2200145Ia 4500008004100000040001900041041001200060082002400072100002000096245004600116260003600162300001900198650001900217850001800236131103s9999 xx 000 0 und d aLoreto College aEnglish a301/NIVbLCBED/7345 aSister Nivedita aCradle tales of hinduismcSister Nivedita aCalcuttabAdvaita Ashramac1955 a300p. c 18cm. aSocial Science aLCBED/301/NIV